BIBLIOTECA “JULIO CORTÁZAR”
ESCUELA AGROTÉCNICA “LIBERTADOR GENERAL SAN MARTÍN” - UNR – CASILDA

Logo Escuela Logo UNR

Mujeres Viajeras / (Record no. 2802)

MARC details
000 -LEADER
campo de control de longitud fija 01014nam#a22003015a#4500
001 - NÚMERO DE CONTROL
campo de control 2802
008 - DATOS DE LONGITUD FIJA--INFORMACIÓN GENERAL
campo de control de longitud fija 210930s2021####ag############000#0#und#d
020 ## - NÚMERO INTERNACIONAL ESTÁNDAR DEL LIBRO
Número Internacional Estándar del Libro 9789878388403
080 ## - NÚMERO DE LA CLASIFICACIÓN DECIMAL UNIVERSAL
Número de la Clasificación Decimal Universal 82
084 ## - OTRO NÚMERO DE CLASIFICACIÓN
Número de clasificación M 88
040 ## - FUENTE DE CATALOGACIÓN
Centro catalogador/agencia de origen AR-ClEAG
Centro/agencia transcriptor AR-ClEAG
005 - FECHA Y HORA DE LA ÚLTIMA TRANSACCIÓN
campo de control 20241107184802.0
003 - IDENTIFICADOR DE NÚMERO DE CONTROL
campo de control AR-ClEAG
100 1# - ENTRADA PRINCIPAL--NOMBRE DE PERSONA
Nombre de persona Beck-Bernard, Lina.
245 10 - MENCIÓN DEL TÍTULO
Título Mujeres Viajeras /
Mención de responsabilidad, etc. Lina Beck-Bernard … [et.al.].
250 ## - MENCION DE EDICION
Mención de edición 1ªed.
260 ## - PUBLICACIÓN, DISTRIBUCIÓN, ETC.
Lugar de publicación, distribución, etc. Buenos Aires :
Nombre del editor, distribuidor, etc. Adriana Hidalgo editora,
Fecha de publicación, distribución, etc. 2021.
300 ## - DESCRIPCIÓN FÍSICA
Extensión 200 p. ;
Dimensiones 23 x 15 cm.
505 0# - NOTA DE CONTENIDO CON FORMATO
Nota de contenido con formato Viajera distinguida en "Yankeeland"
Mención de responsabilidad Eduarda Mansilla
505 0# - NOTA DE CONTENIDO CON FORMATO
Nota de contenido con formato Claroscuros de la vida en Santa Fe
Mención de responsabilidad Lina Beck-Bernard
505 0# - NOTA DE CONTENIDO CON FORMATO
Nota de contenido con formato De los Estados Unidos a Cuba
Mención de responsabilidad Juana Manso
505 0# - NOTA DE CONTENIDO CON FORMATO
Nota de contenido con formato Hazañas de la Patagonia
Mención de responsabilidad Florence Dixie
505 0# - NOTA DE CONTENIDO CON FORMATO
Nota de contenido con formato La Mirada de una Sufragista Norteamericana
Mención de responsabilidad Katherine Dreier
505 0# - NOTA DE CONTENIDO CON FORMATO
Nota de contenido con formato Una Maestra Precursora del Turismo Aventura
Mención de responsabilidad Ada Elflein
505 0# - NOTA DE CONTENIDO CON FORMATO
Nota de contenido con formato Cuando es Forzoso Partir
Mención de responsabilidad Juana Rouco Buela
653 ## - TÉRMINO DE INDIZACIÓN--NO CONTROLADO
Término no controlado Cuentos
942 ## - ELEMENTOS DE ENTRADA SECUNDARIOS (KOHA)
Tipo de ítem Koha Libros
980 ## - EQUIVALENCIA O REFERENCIA-CRUZADA-MENCIÓN DE SERIE--NOMBRE DE PERSONA/TÍTULO [LOCAL, CANADÁ]
Enlace 2
Nombre de persona Evangelina Gallicchio
Enlace entre campo y número de secuencia 2
Información miscelánea Evangelina Gallicchio
Holdings
Estatus retirado Estado de pérdida Fuente del sistema de clasificación o colocación Estado de daño No para préstamo Biblioteca de origen Biblioteca actual Ubicación en estantería Fecha de adquisición Número de inventario Total de préstamos Signatura topográfica completa Código de barras Visto por última vez Precio de reemplazo Tipo de ítem Koha
    Clasificación decimal universal     Julio Cortázar Julio Cortázar   07/11/2024 5913   R 20 82-94 M88 Ej.1 5913 07/11/2024 07/11/2024 Libros

Contacto

Biblioteca Julio Cortázar. Escuela Agrotécnica "Libertador San Martín". Universidad Nacional de Rosario
Dirección: Ov. Lagos 1000 - 2170 Casilda - Santa Fe - Argentina
Tel: (54) (03464) 422226.
Fax: (54) (03464) 427789.
E-Mail: biblio-eac@unr.edu.ar